Investments Bodies, (Record no. 5666)

MARC details
005 - DATE AND TIME OF LATEST TRANSACTION
control field 20250627135713.0
020 ## - INTERNATIONAL STANDARD BOOK NUMBER
International Standard Book Number 0-07-560954-1
082 ## - DEWEY DECIMAL CLASSIFICATION NUMBER
Classification number 332.632 INV.
111 ## - MAIN ENTRY--MEETING NAME
Meeting name or jurisdiction name as entry element INVESTMENTS BODIE.
245 ## - TITLE STATEMENT
Title Investments Bodies,
250 ## - EDITION STATEMENT
Edition statement 3rd Ed.
260 ## - PUBLICATION, DISTRIBUTION, ETC.
Place of publication, distribution, etc. Ottawa,
Name of publisher, distributor, etc. Mc Graw Hill Irwin,
Date of publication, distribution, etc. 2000.
300 ## - PHYSICAL DESCRIPTION
Extent xxi.; 935p.;Ill.; picture.
Other physical details Index,
Dimensions 25cm.
942 ## - ADDED ENTRY ELEMENTS (KOHA)
Source of classification or shelving scheme Dewey Decimal Classification
Koha item type Books
Holdings
Date last seen Total checkouts Full call number Barcode Cost, replacement price Price effective from Koha item type Lost status Source of classification or shelving scheme Damaged status Not for loan Withdrawn status Home library Current library Shelving location Date acquired Cost, normal purchase price
06/27/2025   332INV DOM0002559 255000.00 06/27/2025 Books   Dewey Decimal Classification       CBE Dodoma CBE Dodoma General Collection 04/06/2009 85000.00